000 00523nam a22001817a 4500
005 20250425185451.0
008 250425b |||||||| |||| 00| 0 eng d
020 _a9780273738633
050 _aHD30.215
_b.M67 MOR
100 _aMorris Clare
245 _aQualitative Approaches in Business Studies
_cClare Morris
250 _a8th Ed.
260 _aHarlow
_bPearson Education Ltd
_c2012
300 _axx. 520p.
_bill. (some col.)
_c25 cm
500 _aIncludes Index
650 _2Management
942 _2lcc
_cBK
_e8th Ed.
_n0
999 _c5566
_d5566